00338nam a2200133 a 450008200230000010000170002324500260004026000400006630000090010650000350011550500100015065000270016070000170018700a323.39710954bSHA1 aShakir, Moin aMuslims in Free India aNew DelhibKalamkar Prakashanc1972 a156p aincludes index and biblioraphy2 aindex aMuslims-India-Politics1 aShakir, Moin